Memorias (1936-1938). Hacia un nuevo Aragón.

Bewaard in:
Bibliografische gegevens
Hoofdauteur: Ascaso Budría, Joaquín, 1906-1977 (autor)
Andere auteurs: Díez Torre, Alejandro R. (introducción, edición y notas)
Formaat: Boek
Taal:Engels
Gepubliceerd in: Zaragoza, España: Prensas Universitarias de Zaragoza; Instituto de Estudios Altoaragoneses; Depto. de Educación, Cultura y Deporte del Gobierno de Aragón, 2006.
Editie:1a. edición.
Reeks:Larumbe. Clásicos Aragoneses,
Onderwerpen:
Tags: Voeg label toe
Geen labels, Wees de eerste die dit record labelt!

MARC

LEADER 00000nam a22000007a 4500
003 CL-VaPUC
005 20241127085947.0
008 241121t2006 ||||| |||| 00| 0 eng d
999 |c 445862  |d 445860 
020 |a 84-7733-836-1 
040 |c Pontificia Universidad Católica de Valparaíso 
082 |2 22  |a 331.880946 ASC 2006 
100 |9 894098  |a Ascaso Budría, Joaquín,  |d 1906-1977  |e autor 
245 |a Memorias (1936-1938).  |b Hacia un nuevo Aragón. 
250 |a 1a. edición. 
260 |a Zaragoza, España:  |b Prensas Universitarias de Zaragoza;  |b Instituto de Estudios Altoaragoneses;  |b Depto. de Educación, Cultura y Deporte del Gobierno de Aragón,  |c 2006. 
300 |a XLIX, 240 páginas. 
490 |a Larumbe. Clásicos Aragoneses,  |n  42. 
500 |a c.1: Donación. Memo EDU. 14-11-2024. 
583 |c 20241121  |k Yessy Sthefany Diaz Vidal 
600 0 |9 894098  |a Ascaso Budría, Joaquín,  |d 1906-1977  |v Crítica e interpretación  |x Anarcosindicalista español 
650 0 |9 255151  |a Política y gobierno  |z Aragón (España)  |y Siglo 20 
650 0 |9 322899  |a Movimiento obrero   |x Sindicalismo  |x Anarcosindicalismo  |z España  
700 |9 894099  |a Díez Torre, Alejandro R.  |e introducción, edición y notas 
942 |2 ddc  |c BK 
952 |0 0  |1 0  |2 ddc  |4 0  |6 331_880946000000000_ASC_2006  |7 0  |8 A  |9 598176  |a BIBEDU  |b BIBEDU  |d 2024-11-21  |e Donación  |i 5663325  |o 331.880946 ASC 2006  |p 5663325  |r 2024-11-21  |t 1  |w 2024-11-21  |y BK  |k EDU